000 01762cam a22004934i 4500
003 PE-LiUPU
005 20250731173329.0
008 150625s2006 sp r 000 0 spa d
020 _a8497150783
035 _a(Sirsi) i9788497150781
040 _aPE-LiUPU
_bspa
_cPE-LiUPU
_erda
049 _aPRUA
082 0 4 _a220.7
_bBCPIN
_221
245 0 0 _aEvangelio según San Mateo (14-28) /
_cManlio Simonetti.
264 1 _aMadrid :
_bCiudad Nueva,
_c2006.
300 _a416 páginas ;
_c25 centímetros
336 _atext
_2rdacontent
337 _aunmediated
_2rdamedia
338 _avolume
_2rdacarrier
490 0 _aLa Biblia Comentada por los Padres de la Iglesia. Nuevo Testamento ;
_v1b
504 _aIncluye bibliografía.
505 0 _aEvangelio según San Mateo 14-28. Texto y comentarios.
526 _aSEG42
526 _aSEG41
526 _aSEG40
526 _aSEG39
526 _aP94
526 _aP87
526 _aP86
526 _aP85
526 _aP77
526 _aP76
526 _aP35
541 _g006-0035866;
630 _aBiblia
_xComentarios.
_91696
700 1 _aMerino Rodríguez, Marcelo,
_eeditor.
700 1 _aOden, Thomas C.,
_eeditor.
700 1 _aSimonetti, Manlio,
_eprep.
942 _2ddc
_cBOOK
949 _a220.7 BCPIN 1B
_wDEWEY
_c1
_i59150
_d2016-6-8
_e2016-6-5
_lCCODEBUL1
_mBUL
_n4
_r0
_sY
_tBOOK
_u2015-6-25
_xTEOLOGIA
_zUNKNOWN
_0COMPRA
_o.STAFF. Colección Teología
994 _aC0
_bPEPRU
596 _a1
999 _a220.7 BCPIN 1B
_wDEWEY
_c47964
_i59150
_d47964
_e2016-6-5
_f2021-11-9
_g5
_lCCODEBUL1
_mBUL
_n4
_p35.00
_q7
_r0
_sY
_tBOOK
_u2015-6-25
_xTEOLOGIA
_PP35
_0COMPRA
_o.STAFF. Colección Teología
980 _81
_gALBERTO SANCHEZ Responsable de Automatización